Random Animals in French - Statistics

General Stats
  • This quiz has been taken 197 times
    165 since last reset
  • The average score is 11 of 15
Answer Stats
French English % Correct
Cheval Horse
97%
Hyène Hyena
97%
Lapin Rabbit
96%
Alligator Alligator
94%
Dauphin Dolphin
94%
Serpent Snake
94%
Chat Cat
92%
Chien Dog
92%
Moustique Mosquito
92%
Escargot Snail
92%
Araignée Spider
92%
Kangourou Kangaroo
91%
Cochon Pig
88%
Tortue Turtle
88%
Lama Llama
84%
Crocodile Crocodile
82%
Perroquet Parrot
82%
Mouton Sheep
82%
Vache Cow
81%
Lézard Lizard
81%
Souris Mouse
81%
Antilope Antelope
79%
Mule Mule
78%
Grenouille Frog
77%
Ours Bear
74%
Poule Chicken
74%
Tarentule Tarantula
74%
Chèvre Goat
72%
Baleine Whale
68%
Renard Fox
63%
Hibou Owl
61%
Loup Wolf
60%
Taureau Bull
59%
Requin Shark
59%
Âne Donkey
56%
Scarabée Beetle
53%
Abeille Bee
52%
Coccinelle Ladybug
51%
Fourmi Ant
47%
Limace Slug
27%
Coquerelle Cockroach
23%
No matching quizzes found
Score Distribution
Percent of People with Each Score
Percentile by Number Answered
Your Score History
You have not taken this quiz since the last reset